<?xml version="1.0" encoding="UTF-8"?>
<record
    xmlns:xsi="http://www.w3.org/2001/XMLSchema-instance"
    xsi:schemaLocation="http://www.loc.gov/MARC21/slim http://www.loc.gov/standards/marcxml/schema/MARC21slim.xsd"
    xmlns="http://www.loc.gov/MARC21/slim">

  <leader>00778nam a2200229 a 4500</leader>
  <controlfield tag="001">BRCA_8266</controlfield>
  <controlfield tag="005">20190320210213.0</controlfield>
  <controlfield tag="008">060614s1946----mx-ac##f##---#000-0#spa-#</controlfield>
  <datafield tag="041" ind1=" " ind2=" ">
    <subfield code="a">spa</subfield>
  </datafield>
  <datafield tag="044" ind1=" " ind2=" ">
    <subfield code="a">mx</subfield>
  </datafield>
  <datafield tag="050" ind1=" " ind2="4">
    <subfield code="a">HF5001</subfield>
    <subfield code="b">.R68 1946</subfield>
  </datafield>
  <datafield tag="245" ind1="1" ind2="0">
    <subfield code="a">Los cuatro fines de Rotary</subfield>
    <subfield code="b">[compendio de biograf&#xED;as de los integrantes de la Mesa Directiva]</subfield>
    <subfield code="c">Club Rotario de M&#xE9;xico.</subfield>
  </datafield>
  <datafield tag="260" ind1=" " ind2=" ">
    <subfield code="a">M&#xE9;xico</subfield>
    <subfield code="b">International Rotary Club</subfield>
    <subfield code="c">1946</subfield>
  </datafield>
  <datafield tag="300" ind1=" " ind2=" ">
    <subfield code="a">1 v. (sin paginaci&#xF3;n)</subfield>
    <subfield code="b">il., retratos</subfield>
    <subfield code="c">19 cm.</subfield>
  </datafield>
  <datafield tag="500" ind1=" " ind2=" ">
    <subfield code="a">En portada: Franz Mayer &#xB4;87</subfield>
  </datafield>
  <datafield tag="500" ind1=" " ind2=" ">
    <subfield code="a">S27</subfield>
  </datafield>
  <datafield tag="650" ind1="1" ind2="4">
    <subfield code="a">Asociaciones financieras</subfield>
    <subfield code="v">Manuales</subfield>
    <subfield code="z">M&#xE9;xico</subfield>
    <subfield code="9">20640</subfield>
  </datafield>
  <datafield tag="650" ind1="1" ind2="4">
    <subfield code="a">Asociaciones financieras</subfield>
    <subfield code="v">Biograf&#xED;as</subfield>
    <subfield code="z">M&#xE9;xico</subfield>
    <subfield code="9">20641</subfield>
  </datafield>
  <datafield tag="710" ind1="2" ind2=" ">
    <subfield code="a">Club Rotario de M&#xE9;xico</subfield>
    <subfield code="9">20642</subfield>
  </datafield>
  <datafield tag="902" ind1=" " ind2=" ">
    <subfield code="a">GFM</subfield>
  </datafield>
  <datafield tag="942" ind1=" " ind2=" ">
    <subfield code="2">lcc</subfield>
    <subfield code="c">B</subfield>
  </datafield>
  <datafield tag="999" ind1=" " ind2=" ">
    <subfield code="c">7934</subfield>
    <subfield code="d">7934</subfield>
  </datafield>
  <datafield tag="952" ind1=" " ind2=" ">
    <subfield code="0">0</subfield>
    <subfield code="1">0</subfield>
    <subfield code="4">0</subfield>
    <subfield code="7">0</subfield>
    <subfield code="a">BRCA</subfield>
    <subfield code="b">BRCA</subfield>
    <subfield code="d">2014-06-06</subfield>
    <subfield code="i">S27</subfield>
    <subfield code="l">0</subfield>
    <subfield code="o">HF5001 .R68 1946 (S27)</subfield>
    <subfield code="p">8890</subfield>
    <subfield code="r">2019-03-22 00:00:00</subfield>
    <subfield code="w">2019-03-22</subfield>
    <subfield code="y">B</subfield>
  </datafield>
</record>
